| 000 | 00864nam a22002417a 4500 | ||
|---|---|---|---|
| 005 | 20100811115757.0 | ||
| 010 | _aENG-99609 | ||
| 020 |
_a9380543018 _c60.00 |
||
| 020 |
_a9789380543017 _c60.00 |
||
| 035 | _aEN-83141 | ||
| 037 | _bDBAD/PUB | ||
| 082 | _a621.042 | ||
| 100 |
_aManaka, S. Mani _911606 |
||
| 245 |
_aEnergy sources :solar and wind / _cby S. Mani Menaka |
||
| 260 |
_aCoimbatore _bIRIS Publications _c2009 |
||
| 270 |
_a# 23 A K G Nagar 3rd Street Uppilipalayam Post _bCoimbatore _e641015 |
||
| 300 |
_a120p. _c20cm (pbk) |
||
| 650 |
_aEnergy policy _911607 |
||
| 650 |
_aRenewable energy _911608 |
||
| 650 |
_aEconomic aspects _911609 |
||
| 942 |
_2ddc _cEN _h621.042 _mMEN |
||
| 999 |
_c40912 _d40912 |
||